Το έργο του αρχηγού ομάδος προσκόπων
Αποθηκεύτηκε σε:
| Κύριος συγγραφέας: | |
|---|---|
| Μορφή: | Βιβλίο |
| Γλώσσα: | Greek |
| Δημοσίευση: |
Αθήναι :
Προσοπικό πρατήριο,
1968
|
| Θέματα: | |
| Ετικέτες: |
Προσθήκη ετικέτας
Δεν υπάρχουν, Καταχωρήστε ετικέτα πρώτοι!
|
MARC
| LEADER | 00000cam a2200000 i 4500 | ||
|---|---|---|---|
| 001 | 1/94234 | ||
| 008 | 080919s1968 gre d | ||
| 035 | |l 10100303 | ||
| 040 | |a GR-MY-UA |b gre |e aacr | ||
| 041 | 0 | |a gre | |
| 082 | 0 | |a ΑΚΑ 369.43 |2 (22) | |
| 100 | 1 | |a Γκαζιάνης, Τηλέμαχος, |d 1907- | |
| 245 | 1 | 3 | |a Το έργο του αρχηγού ομάδος προσκόπων / |c υπο Τηλ. Γκαζιάνη |
| 260 | |a Αθήναι : |b Προσοπικό πρατήριο, |c 1968 | ||
| 300 | |a σ. 204; |c 21 εκ. | ||
| 650 | 0 | 0 | |a Scouting (Youth activity) |
| 650 | 0 | 0 | |a Youth |x Attitudes. |
| 650 | 0 | 0 | |a Boy Scouts. |
| 852 | |a INST |b RHODES |c AKA |e 20080919 |h 369.43 ΓΚΑ |p 005400028072 |q 005400028072 |t BK |y 0 | ||
| 901 | |a BIBL4-2008-3 | ||
| 909 | |a Ρ |b 153288 | ||
| 970 | |a ΜΙΣΣΟΣ |b ΣΤΑΥΡΟΣ |z 2008/09/19 | ||